[Event "Avoine op 34th"]
[Site "Avoine"]
[Date "2019.07.24"]
[Round "5"]
[White "Dupont, Victor"]
[Black "Sandu, Mihaela"]
[Result "1-0"]
[WhiteElo "1984"]
[BlackElo "2286"]
[PlyCount "157"]
[EventDate "2019.07.20"]
[EventType "swiss"]
[EventRounds "9"]
[EventCountry "FRA"]
[SourceTitle "EXT 2020"]
[Source "ChessBase"]
[SourceDate "2019.10.17"]
[SourceVersion "1"]
[SourceVersionDate "2019.10.17"]
[SourceQuality "1"]

1. d4 Nf6 2. c4 g6 3. Nc3 d5 4. cxd5 Nxd5 5. g3 Bg7 6. Bg2 Nf6 7. Nf3 0-0 8. 0-0 Nbd7 9. a4 c6 10. a5 Nd5 11. Bd2 Nxc3 12. Bxc3 Rb8 13. Qc2 b6 14. Rfd1 Bb7 15. Bh3 Re8 16. Ne5 Nf6 17. Qb3 e6 18. axb6 axb6 19. Nc4 b5 20. Ne5 Ra8 21. Rac1 Qb6 22. Bb4 Nd5 23. Bc5 Qc7 24. e4 Nb6 25. Qf3 Na4 26. Bd6 Qxd6 27. Qxf7+ Kh8 28. Qxb7 Qf8 29. b3 Bxe5 30. dxe5 Nb2 31. Rd7 Qh6 32. Bf1 Nd3 33. Rc3 Nxe5 34. Re7 Rf8 35. f4 Ng4 36. h3 Nf6 37. Rxe6 Ra1 38. h4 Ng8 39. Qc7 Nf6 40. Qe5 Qg7 41. Re7 Qg8 42. g4 b4 43. Rd3 Re1 44. Qb2 Rf7 45. Re6 Qc8 46. f5 Qf8 47. Kf2 Rxf1+ 48. Kxf1 Kg8 49. Red6 Qe7 50. Rd8+ Ne8 51. Qd4 Rf8 52. Qc4+ Kh8 53. R3d7 Qxh4 54. Qd4+ Kg8 55. Rxe8 Qh3+ 56. Ke1 Qg3+ 57. Kd2 Qg2+ 58. Kd3 Qf1+ 59. Kc2 Qe2+ 60. Qd2 Qxd2+ 61. Kxd2 Rxe8 62. Ke3 h5 63. f6 Ra8 64. g5 Ra3 65. Rg7+ Kf8 66. e5 Ra1 67. Kd4 Re1 68. Rc7 h4 69. Rxc6 Rd1+ 70. Ke4 h3 71. e6 Kg8 72. Rc8+ Kh7 73. Rc2 Kg8 74. Rf2 Kf8 75. f7 Re1+ 76. Kd5 Re3 77. Ra2 Kg7 78. Ra8 Rf3 79. Rg8+ 1-0

[Event "Avoine op 33rd"]
[Site "Avoine"]
[Date "2018.07.22"]
[Round "2"]
[White "Dupont, Victor"]
[Black "Grimberg, Gilbert"]
[Result "1/2-1/2"]
[WhiteElo "1999"]
[BlackElo "2229"]
[PlyCount "94"]
[EventDate "2018.07.21"]
[EventType "swiss"]
[EventRounds "9"]
[EventCountry "FRA"]
[SourceTitle "CBM 185 Extra"]
[Source "ChessBase"]
[SourceDate "2018.07.29"]
[SourceVersion "1"]
[SourceVersionDate "2018.07.29"]
[SourceQuality "1"]

1. d4 Nf6 2. Nf3 g6 3. g3 Bg7 4. Bg2 0-0 5. 0-0 d5 6. c4 dxc4 7. Ne5 Ne8 8. Na3 Nd6 9. Be3 Nc6 10. Nxc6 bxc6 11. Qd2 Be6 12. Bxc6 Rb8 13. Rac1 Rb6 14. Bg2 c6 15. Rc2 Bd5 16. Qa5 Qa8 17. Bg5 Re8 18. Qd2 Bxg2 19. Kxg2 c5+ 20. f3 Bxd4 21. Be3 e5 22. Bxd4 exd4 23. Nxc4 Nxc4 24. Rxc4 Rbe6 25. Rf2 Qd5 26. b3 Re3 27. Qc2 R8e5 28. Ra4 Rc3 29. Qb2 Ree3 30. Rxa7 h5 31. b4 c4 32. b5 Re8 33. b6 Rce3 34. Rc7 c3 35. Qc2 Rb8 36. Qb1 Qa5 37. Qb3 Re6 38. Qc4 Qxb6 39. f4 Qa6 40. Qxd4 Rxe2 41. Rxc3 Qa8+ 42. Rcf3 Rxa2 43. Rxa2 Qxa2+ 44. Rf2 Qa8+ 45. Kh3 Re8 46. Qc5 Qe4 47. Qc2 Qxc2 1/2-1/2

[Event "Avoine op 31st"]
[Site "Avoine"]
[Date "2016.07.29"]
[Round "7"]
[White "Ronce, Nathan"]
[Black "Dupont, Victor"]
[Result "1/2-1/2"]
[WhiteElo "2122"]
[BlackElo "1888"]
[PlyCount "84"]
[EventDate "2016.07.23"]
[EventType "swiss"]
[EventRounds "9"]
[EventCountry "FRA"]
[SourceTitle "CBM 173 Extra"]
[Source "ChessBase"]
[SourceDate "2016.08.29"]
[SourceVersion "1"]
[SourceVersionDate "2016.08.29"]
[SourceQuality "1"]

1. d4 d5 2. Bg5 Nf6 3. Bxf6 exf6 4. e3 Bf5 5. c4 Bxb1 6. Qa4+ Nc6 7. Rxb1 Bb4+ 8. Kd1 dxc4 9. Bxc4 0-0 10. Nf3 a6 11. Bd3 Qd7 12. Be4 Bd6 13. Rc1 Qg4 14. Bxc6 bxc6 15. Rg1 Bxh2 16. Rh1 Qxg2 17. Ke2 Bg3 18. Rcf1 Bxf2 19. Rh2 Qg6 20. Kxf2 Qe4 21. Rh4 Qe6 22. Qc2 h6 23. b3 Rfe8 24. e4 a5 25. Rc1 Qd6 26. Qxc6 Qa3 27. Rc2 a4 28. Nd2 axb3 29. Nxb3 f5 30. e5 Qe7 31. Rh3 Ra3 32. Rg3 f4 33. Rg4 h5 34. Rxf4 Rea8 35. Qxc7 Qe6 36. Nc1 Qg6 37. Rc3 Rxa2+ 38. Nxa2 Rxa2+ 39. Ke3 Qg3+ 40. Rf3 Qe1+ 41. Kf4 Qh4+ 42. Ke3 Qe1+ 1/2-1/2

[Event "Avoine op 26th"]
[Site "Avoine"]
[Date "2011.07.30"]
[Round "8"]
[White "Dupont, Victor"]
[Black "Stephan, Victor"]
[Result "1-0"]
[WhiteElo "1609"]
[BlackElo "2280"]
[PlyCount "104"]
[EventDate "2011.07.23"]
[EventType "swiss"]
[EventRounds "9"]
[EventCountry "FRA"]
[SourceTitle "EXT 2012"]
[Source "ChessBase"]
[SourceDate "2011.11.24"]
[SourceVersion "1"]
[SourceVersionDate "2011.11.24"]
[SourceQuality "1"]

1. c4 Nf6 2. Nc3 c5 3. g3 Nc6 4. Bg2 g6 5. e3 Bg7 6. Nge2 0-0 7. d4 d6 8. 0-0 e5 9. dxe5 dxe5 10. b3 Bf5 11. Ba3 Qa5 12. Qc1 Nb4 13. Bxb4 cxb4 14. Nd5 Nxd5 15. Bxd5 Qc7 16. Qd2 a5 17. e4 Be6 18. Nc1 Bxd5 19. cxd5 Qc3 20. Qxc3 bxc3 21. Nd3 b5 22. b4 axb4 23. Nxb4 Ra4 24. Rab1 Bh6 25. Rb3 Bd2 26. a3 Rxb4 27. Rxb4 c2 28. Rxb5 c1Q 29. Rxc1 Bxc1 30. a4 Ra8 31. Rb4 Ba3 32. Rc4 Kf8 33. Kf1 Bd6 34. Ke2 Ke7 35. Ke3 Rb8 36. Kd3 Rb2 37. Ke3 Kd7 38. Kf3 Rb4 39. Rxb4 Bxb4 40. Kg4 f6 41. f4 Kd6 42. f5 h5+ 43. Kf3 g5 44. Ke3 Kc5 45. Kd3 Ba5 46. h3 g4 47. h4 Be1 48. Ke2 Ba5 49. Kd3 Kb4 50. d6 Bd8 51. d7 Bb6 52. Kc2 Kxa4 1-0

[Event "La Fere op 10th"]
[Site "La Fere"]
[Date "2011.07.06"]
[Round "6.39"]
[White "Dupont, Victor"]
[Black "Meunier, Samuel"]
[Result "0-1"]
[WhiteElo "1609"]
[BlackElo "1950"]
[PlyCount "78"]
[EventDate "2011.07.02"]
[EventType "swiss"]
[EventRounds "9"]
[EventCountry "FRA"]
[SourceTitle "EXT 2012"]
[Source "ChessBase"]
[SourceDate "2011.11.24"]
[SourceVersion "1"]
[SourceVersionDate "2011.11.24"]
[SourceQuality "1"]

1. Nf3 d5 2. c4 c6 3. g3 Nf6 4. Bg2 e6 5. 0-0 Be7 6. Nc3 0-0 7. cxd5 exd5 8. d4 Bg4 9. Qb3 Qb6 10. Qxb6 axb6 11. Re1 Nbd7 12. Bf4 Rfe8 13. Ne5 Nxe5 14. Bxe5 Nd7 15. Bf4 Bf6 16. Rad1 b5 17. a3 Nb6 18. f3 Bf5 19. e4 dxe4 20. fxe4 Bg4 21. Rd3 Nc4 22. b3 Nxa3 23. h3 Nc2 24. Rc1 Nb4 25. Rd2 Bd7 26. Bd6 Be7 27. Bxe7 Rxe7 28. d5 g6 29. dxc6 bxc6 30. e5 Ra3 31. Ne4 Be6 32. Rd4 Rxb3 33. Nc5 Rb2 34. Nxe6 Rxe6 35. Rd6 Rxe5 36. Bxc6 Nxc6 37. Rdxc6 Re3 38. R6c3 Rxc3 39. Rxc3 Kg7 0-1

[Event "La Fere op 10th"]
[Site "La Fere"]
[Date "2011.07.02"]
[Round "1.30"]
[White "Obert, Julien"]
[Black "Dupont, Victor"]
[Result "1/2-1/2"]
[WhiteElo "1792"]
[BlackElo "1609"]
[PlyCount "67"]
[EventDate "2011.07.02"]
[EventType "swiss"]
[EventRounds "9"]
[EventCountry "FRA"]
[SourceTitle "EXT 2012"]
[Source "ChessBase"]
[SourceDate "2011.11.24"]
[SourceVersion "1"]
[SourceVersionDate "2011.11.24"]
[SourceQuality "1"]

1. e4 e5 2. Nf3 d6 3. Bc4 g6 4. d4 Nd7 5. dxe5 dxe5 6. 0-0 Bg7 7. Nc3 Ngf6 8. h3 0-0 9. Be3 a6 10. a4 b6 11. Re1 Bb7 12. Bg5 Re8 13. Qe2 c6 14. Rad1 Qc7 15. Qe3 b5 16. axb5 cxb5 17. Bb3 Nc5 18. Bxf6 Bxf6 19. Bd5 Rad8 20. Bxb7 Nxb7 21. Nd5 Qc6 22. Rd3 Bg7 23. Rc3 Qd6 24. Rd1 Rc8 25. Rd2 Rxc3 26. Qxc3 Nc5 27. Nb4 Qb6 28. Qe3 Rc8 29. Nd5 Qb7 30. Ne1 Bf8 31. Nd3 Nxd3 32. Qxd3 Rc4 33. c3 Qc6 34. b4 1/2-1/2